000 01733nam a2200529 i 4500
001 32649
003 KOSZ 005
005 20200714145537.0
008 980226s1997 pl a f f |000 0 pol
015 _aUWD 1998/1767
020 _a8387270067
035 _a991003446089705066
035 _a(PL-WaBN)b10922921-48omnis_nlop
035 _ab10922921
035 _a(OCoLC)751340590
035 _a(PL)b0000001092292
035 _a(EXLNZ-48OMNIS_NETWORK)9910409681705606
040 _aWA N
_cWA N
_dKOSZ 005/HR
046 _k1997
080 _a637.1
080 _a(075.8)
100 1 _aPopko, Henryk
_eAutor
245 1 0 _aMaszyny przemysłu spożywczego :
_bprzemysł mleczarski /
_cHenryk Popko, Rimma Popko ; Politechnika Lubelska.
250 _aWyd. 2.
260 _aLublin :
_bWydawnictwa Uczelniane PL,
_c1997.
300 _a365 s. :
_brys., wykr. ;
_c24 cm.
336 _aTekst
_btxt
_2rdacontent
337 _aBez urządzenia pośredniczącego
_bn
_2rdamedia
338 _aWolumin
_bnc
_2rdacarrier
380 _aKsiążki
380 _aPublikacje dydaktyczne
385 _mPoziom nauczania
_aSzkoły wyższe
388 _a1901-2000
388 _a1989-2000
500 _aAut. wyd. 1 : Henryk Popko.
504 _aBibliogr. s. 361-365.
650 7 _aMleczarstwo
_2DBN
650 7 _aMaszyny
655 7 _aPodręczniki akademickie
_2DBN
658 _aRolnictwo i leśnictwo
658 _aInżynieria i technika
700 1 _aPopko, Rimma
_eAutor
710 2 _aPolitechnika Lubelska
856 _uhttp://koha.tu.koszalin.pl/cgi-bin/koha/opac-detail.pl?biblionumber=32649
_yKatalog online BPK
942 _2UKD
_cKS
999 _c32649
_d32649